| 000 | 00845nam a2200241Ia 4500 | ||
|---|---|---|---|
| 003 | GCL | ||
| 008 | 140319s9999 xx 000 0 ara d | ||
| 040 |
_aGCL / _cGCL |
||
| 082 | 0 | 4 |
_a913.38 _bع ر |
| 100 | 1 | _aعبدالرحمن عبدالله الشيخ | |
| 245 | 1 | 0 |
_aرحلات فارتيما : الحاج يونس المصرى / _cعبدالرحمن عبدالله الشيخ |
| 700 | 1 | _aفارتيما لودوفيكو | |
| 260 |
_a[S.N] : _bالهيئة المصرية العامة للكتاب ، _c1994 |
||
| 300 | _a222 ص | ||
| 490 |
_aسلسلة الالف كتاب الثانى _v0 |
||
| 650 | 0 | 4 | _aالعادات والتقاليد |
| 650 | 0 | 4 | _aالرحلات |
| 650 | 0 | 4 | _aالسياحة |
| 650 | 0 | 4 | _aالرحالة |
| 650 | 0 | 4 | _aالمستكشفون |
| 650 | 0 | 4 | _aالكشوف الجغرافية |
| 942 |
_2ddc _cBK |
||
| 999 |
_c35325 _d35325 |
||